Crianza moderna de chinchillas /
Guardado en:
| Autor Principal: | |
|---|---|
| Formato: | Libro |
| Idioma: | Spanish |
| Publicado: |
México :
Centro Regional de Ayuda Técnica,
1971.
|
| Etiquetas: |
Agregar Etiqueta
Sin Etiquetas, Sea el primero en etiquetar este registro!
|
| LEADER | 00463nam a22001335a 4500 | ||
|---|---|---|---|
| 001 | EEA.libagro002939 | ||
| 005 | 20190717124635.0 | ||
| 008 | 130809s1971####mx#a##########000#0#spa#d | ||
| 082 | 0 | 4 | |a 636.93234 |
| 100 | 1 | |a Santivañez Morales, José. | |
| 245 | 1 | 0 | |a Crianza moderna de chinchillas / |c José Santivañez Morales. |
| 260 | |a México : |b Centro Regional de Ayuda Técnica, |c 1971. | ||
| 300 | |a 76 p. : |b il. ; |c 21 cm. | ||
| 859 | |a AR-BbBCA |b BIB. AGRONOMIA |h 636.93234 |i Sa236 |p 1980/0149 | ||
